000 00727nam a2200277Ia 4500
008 170711s9999 xx 000 0 und d
020 _a9535722463
050 _a364.1
050 _bR462 1999
100 _aReynolds, Bruce
245 4 _aThe great train robbery files /
245 _cby Bruce Reynolds, Nick Reynolda and Alan Parker.
260 _aBritain :
260 _bAbstract Sound,
260 _c1999
300 _a224 pages :
300 _billustrations ;
300 _c29cm.
650 _aTrain robberies --
650 _aTrain robberies --
650 _xGreat Britain.
650 _xPress coverage -- Great Britain.
700 _aParker, Alan.
700 _aReynolds, Nick.
700 _aTitle.
999 _c339680
_d339680